=LDR 00000nam 2200000 4500 =001 INLIS000000000039027 =005 20130612144701 =008 ***********************************ind** =035 ##$$0010-061300000039027 =041 ##$$a ind =082 ##$$a 633.84 =090 ##$$a 633.84, Wah p =100 ##$$a WAHYUDI =245 ##$$a Penen cabe di pekaranganrumah, Wahyudi, M. Topan; Penyunting, Tetty Yullia =260 ##$$a 2011 $b Jakarta =300 ##$$a Vi,94 Hlm, Ilus, 21 cm =650 ##$$a CABAI - BUDIDAYA =700 ##$$a TOPAN ,M =850 ##$$a NBPNMAT